Statistics for Modern Countries Once Ruled by Habsburgs

Click here to take the quiz!

General Stats

  • This quiz has been taken 317 times
    (302 since last reset)
  • The average score is 34 of 48

Answer Stats

HintAnswer% Correct
Fully ControlledSpain
98%
Fully ControlledAustria
96%
Partly ControlledFrance
95%
Partly ControlledItaly
94%
Fully ControlledPortugal
94%
Fully ControlledHungary
93%
Fully ControlledNetherlands
93%
Partly ControlledGermany
92%
Fully ControlledBelgium
90%
Fully ControlledCzech Republic
89%
Partly ControlledPoland
89%
Fully ControlledSlovakia
88%
Fully ControlledUnited Kingdom
88%
Partly ControlledSerbia
87%
Fully ControlledCroatia
85%
Fully ControlledSlovenia
85%
Fully ControlledBosnia
80%
Fully ControlledLuxembourg
79%
Partly ControlledSwitzerland
79%
Partly ControlledRomania
78%
Fully ControlledMexico
77%
Partly ControlledUSA
77%
Partly ControlledBrazil
75%
Partly ControlledUkraine
74%
Partly ControlledArgentina
71%
Partly ControlledChile
68%
Fully ControlledColombia
68%
Fully ControlledCuba
65%
Fully ControlledPeru
65%
Fully ControlledPanama
64%
Partly ControlledVenezuela
63%
Fully ControlledCosta Rica
61%
Partly ControlledBolivia
60%
Fully ControlledNicaragua
59%
Fully ControlledEcuador
58%
Fully ControlledGuatemala
58%
Partly ControlledUruguay
58%
Fully ControlledHonduras
57%
Fully ControlledIreland
57%
Partly ControlledParaguay
57%
Fully ControlledEl Salvador
55%
Fully ControlledDominican Republic
54%
Fully ControlledBelize
52%
Fully ControlledHaiti
51%
Partly ControlledSuriname
47%
Partly ControlledGuyana
45%
Partly ControlledPhilippines
42%
Partly ControlledBahamas
31%

Score Distribution

Percentile by Number Answered

Percent of People with Each Score

Your Score History

You have not taken this quiz since the last reset